Statystyki dla Języki według flag (poziom średni)

Kliknij tutaj aby rozwiązać quiz!

Ogólne statystyki

  • Ten quiz został rozwiązany 15 razy
  • Średni wynik to 14 z 16

Statystyki odpowiedzi

Odpowiedź% Poprawnych
Albański
100%
Bułgarski
100%
Chorwacki
100%
Filipiński
100%
Gruziński
100%
Islandzki
100%
Macedoński
100%
Fiński
93%
Nepalski
93%
Tajski
93%
Walijski
93%
Azerski
80%
Luksemburski
80%
Mongolski
80%
Ormiański
73%
Perski
60%

Rozkład punktacji

Percentyl według liczby udzielonych odpowiedzi

Procent ludzi z każdym wynikiem

Twoja historia wyników

Nie rozwiązałeś tego quizu